| 000 | 00481nam a22001937a 4500 | ||
|---|---|---|---|
| 003 | NUST - PNEC | ||
| 005 | 20170116180815.0 | ||
| 008 | 150519b xxu||||| |||| 00| 0 eng d | ||
| 020 | _a0330266055 | ||
| 040 | _cLIBRARY | ||
| 082 | _a387.7 MOY | ||
| 100 |
_93592 _aMoynahan, Brian |
||
| 245 |
_aAirport confidential _cBrian Moynahan |
||
| 250 | _a- | ||
| 260 |
_aLondon _bMacmillan Ltd _cc1978. |
||
| 300 | _a349 p. : | ||
| 650 |
_93595 _aAirports _xGeneral |
||
| 942 |
_2ddc _cBK |
||
| 999 |
_c63495 _d63495 |
||